Légendes du football#3 - Statistiques

Statistiques générales
  • Ce quiz a été pris 713 fois
  • Le résultat moyen est 10 sur 20
Statistiques - réponses
Indices Nom % Correct
Clé de voûte de la défense du Milan AC pendant 20 ans, ce joueur est considéré à juste titre comme un des meilleurs défenseurs de l'histoire. Il remporta 5 ligues des champions (trophée que son père a aussi remporté) et joua 900 matchs sous les couleurs rossoneri Paolo Maldini
96%
Il est connu en France pour son coup franc surréaliste contre les bleus en 1997. Joueur rapide à la frappe puissante, il fit partie des Galactiques madrilènes pendant 10 ans. Roberto Carlos
91%
Une légende de Chelsea et du football ivoirien. Cet attaquant terriblement efficace devant le but, parfois sanguin, mena Chelsea au sacre européen en 2012 en égalisant face au Bayern au bout du temps réglementaire, puis en inscrivant le tir au but victorieux Didier Drogba
90%
Défenseur solide, "the Rock", champion du monde 1998, compte 116 sélections en équipe de France. Il fit les beaux jours de l'OM, de Nantes, du Milan AC et de Chelsea Marcel Desailly
77%
Deux fois vainqueur du Ballon d'Or, légende du Real des années 1950, cet Argentin-puis Espagnol-marqua 400 buts en 300 matchs sous les couleurs merengue. Pelé, Moore et Maradona l'élèvent en meilleur joueur de tous les temps Alfredo di Stefano
76%
Ce gardien légendaire du Real Madrid, dont le nom est souvent précédé de "Saint" en Espagne, a un palmarès que très peu de joueurs peuvent se vanter de posséder. Il est, après Lev Yachine, le gardien présentant le meilleur ratio de "clean sheets" en match officiel "San Iker" Casillas
73%
Défenseur le plus prolifique de l'histoire du football (239 buts) ce Néerlandais mena son équipe à la victoire lors de l'Euro 1988. Il marqua le but qui offrit au FC Barcelone sa première ligue des champions, en 1992 Ronald Koeman
69%
Le "major galopant" est l'une des premières superstars de l'histoire du football. Cet attaquant marqua l'histoire à la tête du Onze d'or hongrois, qui connut son apogée en 1953. Le trophée FIFA du plus beau but de l'année porte son nom Ferenc Puskas
68%
La première superstar du football. Il remporta les coupes du monde 1934 et 1938 avec l'Italie. Le grand stade des deux clubs de Milan porte son nom Giuseppe Meazza
60%
Icône du Bayern Munich et de l'Inter Milan, ce véritable meneur d'hommes, rugueux milieu défensif, mena l'Allemagne au sacre mondial en 1990. Il est par ailleurs le joueur le plus capé de la Mannschaft (150 sélections) Lothar Matthaüs
60%
Ce milieu brésilien, surnommé "Le Docteur" à la fois pour sa précision chirurgicale et pour son diplôme de médecine, fut un leader du Brésil lors des coupes du monde 1982 et 1986. Il fut aussi à l'origine de la "démocratie corinthiane" Socrates
51%
Légende des Girondins des années 1970 et 1980 (et meilleur buteur du club), membre du "carré magique", ce joueur a marqué en prolongations lors de la "nuit de Séville" Alain Giresse
44%
Ce brésilien, naturalisé portugais, était remarquable de par son intelligence de jeu hors norme. Il s'illustra sous les couleurs du FC Porto et du Barça notamment. Il marque sur coup franc lors de son premier match avec le Portugal, contre...le Brésil Deco
43%
Leader d'une association de joueurs du Real Madrid surnommée la "Quinta del Buitre", cet attaquant rafla 5 championnats d'Espagne pendant les années 1980 Emilio Butragueno
37%
Plus grand gardien anglais de l'histoire, vainqueur de la coupe du monde 1966, ce joueur, ayant notamment évolué à Stoke et Leicester, fit un arrêt spectaculaire face à Pelé en 1970; ce dernier déclara "J'ai marqué un but, mais [...] l'a arrêté" Gordon Banks
30%
Ce milieu défensif néerlandais, passé notamment par le PSV et par le Bayern, était un véritable poison pour l'attaque adverse. Il était réputé pour son manque de fair play et pour sa façon de provoquer l'adversaire Mark van Bommel
22%
Archétype du numéro 10 idéal, ce joueur, idole des supporters rossoneri, remporta le Ballon d'or 1969. Surnommé "Golden Boy" du fait de sa précocité, il se montra décisif lors du "match du siècle" Italie-RFA au mondial 1970 Gianni Rivera
16%
Ce milieu défensif argentin évolua au Real Madrid à l'ère des "Galactiques" et remporta ainsi tous les trophées collectifs possibles. Doté de toutes les qualités d'un grand milieu défensif, il finira sa carrière prématurément du fait de blessures à répétition Fernando Redondo
14%
Ce défenseur, entraîneur lors de la victoire allemande à l'Euro 1996, pilier du Borussia Monchengladbach pendant de nombreuses années, est particulièrement célèbre pour avoir assuré brillamment la marquage de Johan Cruijff lors de la finale de la coupe du monde 1974 Berti Vogts
6%
Pilier de l'Ajax des années 1970, ainsi que du RSC Anderlecht, ce joueur occupait un rôle clé dans le "football total" pratiqué par Rinus Michels. Il bat le légendaire Dino Zoff sur une puissante frappe des 30 mètres pour qualifier son pays pour la finale de la coupe du monde 1978 Arie Haan
3%
Aucun quiz correspondant
Distribution des résultats
% des personnes avec chaque résultat
Percentile par nombre de réponses
Votre historique - résultats
Vous n’avez pas pris ce quiz